000 01162nam a22002057a 4500
999 _c62084
_d62084
003 Ge_BSU
005 20240705120430.0
008 240705b xxu||||| |||| 00| 0 geo d
020 _a9789941310829
041 _ageo
080 _a339.187 კ-98
100 _aკუჭუხიძე, გიორგი. (ავტორი)
_922731
245 _aპირდაპირი გაყიდვები და მოლაპარაკების ხელოვნება :
_b ევროპის ბიზნეს სკოლა /
_cგიორგი კუჭუხიძე; რედაქტორი: ნელი ელიზბარაშვილი;
264 _aთბილისი:
_b [გ.გ.],
_c 2019.
300 _a87 გვ.:
_b20 სმ.
440 _aბიზნესის მართვა პრაქტიკაში. ტოპმენეჯმენტი.
_922732
653 _aგაყიდვები. კომუნიკაცია. მოლაპარაკებები.
700 _aელიზბარაშვილი, ნელი
_eრედაქტორი
_92498
942 _2udc
_cBK